Gaming - Statistiken

Allgemein
  • Dieses Quiz wurde 2.099 mal gespielt
  • Das Durchschnittsergebnis liegt bei 17 aus 33
Antwortstatistiken
Hint Antwort % Korrekt
In welchem Jahr kam das Spiel "FIFA 15" raus? 2014
95%
Wie heißt der Hauptcharakter der Tomb Raider Spielereihe? Lara Croft
86%
"Black Flag" ist der Untertitel für welche Spielereihe? Assassins Creed
85%
Welches Spiel wurde für die Wii am meisten verkauft ? Wii Sports
79%
Easy peasy ______ ______? Lemon squeezy
77%
Für welche Plattform erschien Ghost of Tsushima? Playstation
77%
Wie heißt der Hauptdarsteller aus God of War? Kratos
68%
Unter welcher Kategorie fällt die Spielereihe Elder Scrolls? RPG
66%
Wie heißt die Fortsetzung von Left 4 Dead? Left 4 Dead 2
64%
In welchem Land hat der Entwickler " CD Project Red" ihren Hauptsitz? Polen
61%
Wie heißt der Drache der seine versteinerten Freunde retten muss? Spyro
61%
Welche erfolgreiche Band hatte einen Auftritt in der Serie Arcane? Imagine Dragons
56%
Die Rache der Sumpfhühner ist inspiriert von welchem Spiel? Moorhuhn
56%
Wie heißt einer der beiden neusten Pokemonteile? Scarlet/Violet
56%
Wie heißt das Kartenspiel aus dem Witcher Universum? Gwent
50%
In welchem Spiel ist man als Arthur Morgan unterwegs? Red Dead Redemption 2
50%
Welches Game hat am 15.Januar 2023 eine Serie bekommen? The Last of Us
50%
Wie teuer ist eine AK-47 im Spiel CS:GO? 2700
49%
Welchen Namen hat der Hauptcharakter in Cyperpunk ? V
49%
Zu welchem Spiel ist Shadow die Twice der Untertitel? Sekiro
47%
Um wie viel Euro spielt man in der 10. Frage bei "Wer wird Millionär"? 16000
45%
In welchem Spiel spielt man eine Bohne und darf nicht runterfallen? Fall Guys
45%
Wie heißt das MOBA von Blizzard? Heroes of the Storm
42%
Wofür steht das DS in "Nintendo DS"? Dual Screen
40%
Wie heißt der Charakter aus Overwatch der die Ultimate "Primal Rage" hat? Winston
40%
Aus welchem Spiel kommen die Charaktere "Jin Kazama, Heihachi Mishima und Yoshimitsu? Tekken
39%
Welcher Killer trägt den Spitztnamen The Nightmare in Dead by Daylight? Freddy Krueger
36%
Welcher Jump and Run Dreiteiler von Ubisoft erschien in den Jahren 1995,1999 und 2003? Rayman
35%
Wie heißt die Währung in Sims 4? Simoleon
35%
Wie heißt die erste Valorant map mit Teleporter? Bind
34%
In welchem Spiel kämpfen "Bugs Bunny, Shaggy und Batman" gegeneinander? Multiversus
24%
Was braucht man hauptsächlich in Subnautica um Gebäude zu bauen? Titan
18%
Welcher Entwickler hat die Spielereihe "Jak and Dexter" entwickelt? Naughty Dog
15%
Keine übereinstimmenden Quizze gefunden
Verteilung der Resultate
Anzahl Personen mit jedem Resultat
Perzentil nach korrekt beantworteten Fragen
Ihre Resultats-Entwicklung
Sie haben dieses Quiz noch nicht gespielt